Dove giocava nel 2010-2011? - Quiz n°11 - Statistics

Statistiche generali
  • Questo quiz è stato fatto 47 volte
  • Il punteggio medio è 6 su 10
Statistiche sulle risposte
Hint Risposta % Corretto
Stefano Mauri Lazio
89%
Christian Eriksen Ajax
83%
Jorginho Hellas Verona
83%
Gary Medel Boca Juniors
75%
Claudio Bravo Real Sociedad
64%
Bogdan Lobonț Roma
58%
Jefferson Farfán Schalke 04
58%
Marko Livaja Lugano
39%
João Pedro Palermo
33%
Felipe Dal Bello Fiorentina
22%
Nessun quiz corrispondente trovato
Distribuzione punteggi
Percentuale di utenti per punteggio
Percentile per numero di risposta
I tuoi punteggi nel tempo
Non hai fatto questo quiz